| 000 | 00742nam a2200253Ia 4500 | ||
|---|---|---|---|
| 003 | OSt | ||
| 005 | 20221007103529.0 | ||
| 006 | a|||||r|||| 00| 0 | ||
| 007 | ta | ||
| 008 | 221006b |||||||| |||| 00| 0 eng d | ||
| 024 | _a13,436 | ||
| 037 | _cTextual | ||
| 040 |
_aLCO _cLCO _beng |
||
| 041 |
_2eng _aeng |
||
| 082 | _aZ8,54 0a yp,N74, L6 | ||
| 100 |
_aHambly David _9705183 |
||
| 245 | 0 | _aAustralian Lawyers and Social Change | |
| 260 |
_aSydney _bLaw Book Company Limited India _c1976 |
||
| 300 | _a392 | ||
| 650 |
_aAustralian Lawyers and Social Change _9705184 |
||
| 700 |
_a Goldring John _9337501 |
||
| 942 |
_hZ8,54 0a yp,N74, L6 _cTEXL |
||
| 999 |
_c1182999 _d1182999 |
||